Energía y alimentación: subsector educación matemática, material educativo de apoyo a NB4, sexto año de educación general básica
Guardat en:
| Autors principals: | , |
|---|---|
| Format: | Llibre |
| Idioma: | espanyol |
| Publicat: |
Santiago
Ministerio de Educación
2003
|
| Edició: | 1a. ed |
| Col·lecció: | Programa de las 900 Escuelas
|
| Matèries: | |
| Etiquetes: |
Afegir etiqueta
Sense etiquetes, Sigues el primer a etiquetar aquest registre!
|
MARC
| LEADER | 00000nam a2200000 a 4500 | ||
|---|---|---|---|
| 001 | UCK2439 | ||
| 003 | CL-VaPUC | ||
| 008 | 050113e20030300CL |||||||||||||||||spa|d | ||
| 082 | 0 | 4 | |a 372.7 |b MIT |2 21 |
| 100 | |a Mitrovich G., Dinko |e autor |9 480041 | ||
| 700 | 0 | |a Campusano, Bernardo |e author |9 490264 | |
| 245 | 1 | 0 | |a Energía y alimentación: subsector educación matemática, material educativo de apoyo a NB4, sexto año de educación general básica |
| 250 | |a 1a. ed | ||
| 300 | |a 30 p | ||
| 942 | |c BK | ||
| 945 | |d 20050113 00:00:00 |a vberengu | ||
| 260 | |a Santiago |b Ministerio de Educación |c 2003 | ||
| 650 | 0 | |a Educación básica |9 224933 | |
| 650 | 0 | |a Métodos de enseñanza |9 270413 | |
| 650 | 0 | |a Matemáticas |x Enseñanza |9 875527 | |
| 583 | |a last modification |c 20050113 00:00:00 |k Rodrigo Vera | ||
| 490 | 0 | |a Programa de las 900 Escuelas | |
| 999 | |c 311955 |d 311953 | ||
| 952 | |0 0 |1 0 |4 0 |6 372_700000000000000_MIT_2003 |7 0 |8 A |9 381715 |a BIBEDU |b BIBEDU |d 2019-11-21 |i 4092848 |o 372.7 MIT 2003 |p 4092848 |r 2019-11-21 |w 2019-11-21 |y BK |k EBA | ||
| 952 | |0 0 |1 0 |4 0 |6 372_700000000000000_MIT_2003 |7 0 |8 A |9 381716 |a BIBEDU |b BIBEDU |d 2019-11-21 |i 4092856 |o 372.7 MIT 2003 |p 4092856 |r 2019-11-21 |w 2019-11-21 |y BK |k EBA | ||